000 00761cam a2200241 4500
008 090401t1992 xxu||||| |||| 00| 0 eng d
020 _a047152851X
035 _a(Sirsi) u23608
041 _aeng
050 _a658.1552
100 _aWard, Sol A.
245 _aCost engineering for effective project control.
260 _aNew York
_bJohn Wiley & Sons
_c1992
300 _aviii,227p. ; 24cm.
350 _a43.95
520 _aExplores the use of project diagnostics and construction analysis to monitor a project and deal with potentially costly occurrences.
650 _aCOST ENGINEERING
650 _aPROJECT DIAGNOSTICS
650 _aMANAGEMENT-PROJECT MANAGEMENT
690 _aProject management
_96261
942 _n0
948 _c04/03/1997
999 _c88427
_d88427